000 00255nam a2200097Ia 4500
001 714377
005 20250826162904.0
008 250824s9999 xx 000 0 und d
245 0 _aKENDİNE BİR İYİLİK YAP
_cBİLGE GÖKSU
260 _bCARPE DİEM YAYINLARI
999 _c714377
_d714377